| 000 | 01239nam a22001937a 4500 | ||
|---|---|---|---|
| 003 | AUA.1 | ||
| 005 | 20251027095229.0 | ||
| 008 | 251027b |||||||| |||| 00| 0 eng d | ||
| 020 | _a9780828029506 | ||
| 040 | _cAUA | ||
| 050 |
_aBX6147 _b.L56 2025 |
||
| 100 |
_aEllen G. White _d1827-1915 _eauthor _qEllen Gould (Harmon) White |
||
| 245 |
_aLiving in the Light _cEllen G. White |
||
| 260 |
_an.p _bReview and Herald Publishing Association _c2025 |
||
| 300 |
_a384 p. _c24 cm |
||
| 500 | _aThis devotional features twelve major themes from the writings of Ellen White - one for each month of the year - and clusters the best of her counsels on each subject. The year begins with a focus on love, the most important theme, and transitions in February, March, April, and May to the essential topics of faith, family, friendship, and finance. June, July, and August will challenge readers in the areas of health, work, witnessing, and service. The final three months of the year highlight God's sustaining power in suffering, His precious gift of peace, and His wonderful assurance to those waiting and watching for Jesus' soon return. -- back cover | ||
| 650 | _xDaily Devotional | ||
| 942 |
_2lcc _cBOOK _hBX6147 _i.L56 2025 |
||
| 999 |
_c25240 _d25240 |
||